Risk management: corporate governance and compliance

Pojem riziko a risk management. Riadenie spoločnosti v Európe. Správa podniku v Nemecku a iných európskych krajinách. Správa podniku v USA.

Enregistré dans:
Détails bibliographiques
Auteur principal: Stiller, Diana
Autres auteurs: Joehnk, Peter
Format: Chapitre de livre
Langue:anglais
Sujets:
Tags: Ajouter un tag
Pas de tags, Soyez le premier à ajouter un tag!

MARC

LEADER 00000naa a2200000 4500
001 0169742
005 20231013085030.9
041 0 |a eng 
044 |a SK 
245 1 0 |a Risk management: corporate governance and compliance  |c Diana Stiller, Peter Joehnk 
520 |a Pojem riziko a risk management. Riadenie spoločnosti v Európe. Správa podniku v Nemecku a iných európskych krajinách. Správa podniku v USA. 
610 2 0 |a riadenie podnikové 
610 2 0 |a Nemecko 
610 2 0 |a USA 
610 2 0 |a správa podniku 
610 2 0 |a riadenie rizík 
100 1 |a Stiller, Diana 
700 1 |a Joehnk, Peter